Fr. Conceicao Rodrigues College of Engineering

Presentation in a week (Record no. 25153)

MARC details
000 -LEADER
fixed length control field 00314nam a2200145Ia 4500
082 ## - DEWEY DECIMAL CLASSIFICATION NUMBER
Classification number 658.452
Item number PEE
100 ## - MAIN ENTRY--PERSONAL NAME
Personal name Peel/Malcom/ Lamb/Jon
245 ## - TITLE STATEMENT
Title Presentation in a week
260 ## - PUBLICATION, DISTRIBUTION, ETC.
Name of publisher, distributor, etc. Hadder and Stoughton
Date of publication, distribution, etc. 2002
300 ## - PHYSICAL DESCRIPTION
Extent 96
546 ## - LANGUAGE NOTE
Language note ENGLISH
654 ## - SUBJECT ADDED ENTRY--FACETED TOPICAL TERMS
Focus term presentation
942 ## - ADDED ENTRY ELEMENTS (KOHA)
Koha item type BOOK
Holdings
Withdrawn status Lost status Damaged status Not for loan Collection Home library Current library Date acquired Total Checkouts Full call number Barcode Date last seen Price effective from Koha item type
        CRC Fr. Agnel's C.Rodrigues College of Engineering Fr. Agnel's C.Rodrigues College of Engineering 17/03/2023   658.452 PEE 13588 17/03/2023 17/03/2023 BOOK